-
Walker, Boyd, Mullins & Larreche
Entry Personal Name
Number of records used in: 1
001 - CONTROL NUMBER
003 - CONTROL NUMBER IDENTIFIER
005 - DATE AND TIME OF LATEST TRANSACTION
- control field:
20160528123655.0
008 - FIXED-LENGTH DATA ELEMENTS
- fixed length control field:
160528|| aca||aabn | a|a d
040 ## - CATALOGING SOURCE
- Original cataloging agency:
OSt
- Transcribing agency:
OSt
100 ## - HEADING--PERSONAL NAME
- Personal name:
Walker, Boyd, Mullins & Larreche
670 ## - SOURCE DATA FOUND
- Source citation:
Work cat.: (OSt): Walker, Boyd, Mullins & Larreche, Marketing Strategy, 2003